| 000 | 00635nam a2200205 a 4500 | ||
|---|---|---|---|
| 001 | BRCA_1824 | ||
| 005 | 20190320203551.0 | ||
| 008 | 210508s----1999mx-a---###---#000-0#spa-# | ||
| 020 | _a9686724079 | ||
| 050 | 4 |
_aF1226 _b.C66 1999 |
|
| 100 | 1 |
_aCortina Campero, Cecilia _95673 |
|
| 245 | 1 | 0 |
_aMéxico _bciudad de las plazas _cCecilia Cortina Campero. |
| 260 |
_aMéxico _bCONSA _c1999 |
||
| 300 |
_a61 p. _bil. a color _c31 cm. |
||
| 500 | _aColección Sonia Corcuera de Mancera | ||
| 650 | 1 | 4 |
_aPlazas públicas _zCiudad de México _95674 |
| 651 | 4 |
_aCiudad de México _xArquitectura - Historia _95675 |
|
| 902 | _aDSC | ||
| 942 |
_2lcc _cB |
||
| 999 |
_c1605 _d1605 |
||